The effect of financial leverage on real and accrual-based earnings management (Record no. 329465)
[ view plain ]
| 000 -LEADER | |
|---|---|
| fixed length control field | 00620nam a2200181Ia 4500 |
| 008 - FIXED-LENGTH DATA ELEMENTS--GENERAL INFORMATION | |
| fixed length control field | 170419s9999 xx 000 0 und d |
| 100 ## - MAIN ENTRY--PERSONAL NAME | |
| Personal name | Anagnostopoulou, Seraina C. |
| 245 #4 - TITLE STATEMENT | |
| Title | The effect of financial leverage on real and accrual-based earnings management |
| 245 ## - TITLE STATEMENT | |
| Statement of responsibility, etc | Seraina C. Anagnostopoulou & Andrianos E. Tsekrekos. |
| 260 ## - PUBLICATION, DISTRIBUTION, ETC. (IMPRINT) | |
| Name of publisher, distributor, etc | Routledge: Taylor & Francis Group |
| 260 ## - PUBLICATION, DISTRIBUTION, ETC. (IMPRINT) | |
| Date of publication, distribution, etc | 2016 |
| 300 ## - PHYSICAL DESCRIPTION | |
| Extent | February |
| 440 ## - SERIES STATEMENT/ADDED ENTRY--TITLE | |
| Title | Accounting and Business Research |
| Volume number/sequential designation | 47:2 |
| 650 ## - SUBJECT ADDED ENTRY--TOPICAL TERM | |
| Topical term or geographic name as entry element | ACCRUAL-BASE EARNING MANAGEMENT |
| 650 ## - SUBJECT ADDED ENTRY--TOPICAL TERM | |
| Topical term or geographic name as entry element | LEVERAGE |
| 650 ## - SUBJECT ADDED ENTRY--TOPICAL TERM | |
| Topical term or geographic name as entry element | MARKET PERFORMANCE |
| 650 ## - SUBJECT ADDED ENTRY--TOPICAL TERM | |
| Topical term or geographic name as entry element | REAL EARNINGS MANAGEMENT |
| Withdrawn status | Lost status | Damaged status | Home library | Current library | Date acquired | Total Checkouts | Date last seen | Price effective from | Koha item type |
|---|---|---|---|---|---|---|---|---|---|
| College Library | College Library | 04/19/2017 | 04/19/2017 | 04/19/2017 | Periodicals |